[Event "Mecklenburg VP LL2 Ost 1819"]
[Site "Mecklenburg VP"]
[Date "2018.11.11"]
[Round "2.1"]
[White "Hoerhold, Martin"]
[Black "Burwitz, Joerg"]
[Result "1-0"]
[WhiteElo "1798"]
[BlackElo "1727"]
[PlyCount "115"]
[EventDate "2018.10.21"]
[EventType "team-tourn"]
[EventRounds "9"]
[EventCountry "GER"]
[SourceTitle "EXT 2022"]
[Source "ChessBase"]
[SourceDate "2021.10.06"]
[SourceVersion "1"]
[SourceVersionDate "2021.10.06"]
[SourceQuality "1"]
[WhiteTeam "Neubrandenburg SG Eintracht II"]
[BlackTeam "Bergen Rugia"]
[WhiteTeamCountry "GER"]
[BlackTeamCountry "GER"]

1. e4 c6 2. d4 d5 3. e5 Bf5 4. Nf3 e6 5. Bd3 Bxd3 6. Qxd3 c5 7. dxc5 Bxc5 8. Qb5+ Nd7 9. Qxb7 Rb8 10. Qa6 Ne7 11. 0-0 0-0 12. Nbd2 Ng6 13. Nb3 Bb6 14. Re1 Qc7 15. Qe2 Rbc8 16. c3 a5 17. Nbd4 Bxd4 18. cxd4 a4 19. Bd2 Qb7 20. Bc3 a3 21. Rec1 Rc6 22. bxa3 Rfc8 23. Qd2 Nb6 24. Qb2 Qa6 25. Bb4 Nc4 26. Qe2 Nf4 27. Qf1 g6 28. g3 Nh5 29. Bc5 Ng7 30. g4 h5 31. h3 Qa4 32. Qd1 Qa6 33. Qd3 hxg4 34. hxg4 Qa5 35. Ng5 Nxe5 36. Qh3 Rxc5 37. dxc5 Ne8 38. Qh7+ Kf8 39. Qh8+ Ke7 40. Qxe5 Rc6 41. Qc3 Qc7 42. Nf3 Nf6 43. Ne5 Ra6 44. f3 Ra4 45. Kg2 d4 46. Qe1 Rxa3 47. Nc4 Rxf3 48. Kxf3 Qc6+ 49. Kg3 Ne4+ 50. Kh2 Ng5 51. Qh1 Ne4 52. Nd6 f5 53. Nxe4 fxe4 54. Re1 Qc7+ 55. Kg2 Qf4 56. Qh4+ Kd7 57. Qg3 Qd2+ 58. Qf2 1-0

[Event "Mecklenburg VP LL2 Ost 1819"]
[Site "Mecklenburg VP"]
[Date "2018.10.21"]
[Round "1.1"]
[White "Burwitz, Joerg"]
[Black "Rickmann, Niklas"]
[Result "1/2-1/2"]
[WhiteElo "1727"]
[BlackElo "1688"]
[PlyCount "36"]
[EventDate "2018.10.21"]
[EventType "team-tourn"]
[EventRounds "9"]
[EventCountry "GER"]
[SourceTitle "EXT 2022"]
[Source "ChessBase"]
[SourceDate "2021.10.06"]
[SourceVersion "1"]
[SourceVersionDate "2021.10.06"]
[SourceQuality "1"]
[WhiteTeam "Bergen Rugia"]
[BlackTeam "Stralsund FHSG II"]
[WhiteTeamCountry "GER"]
[BlackTeamCountry "GER"]

1. d4 Nf6 2. Nf3 g6 3. g3 Bg7 4. Bg2 d6 5. 0-0 0-0 6. c4 c6 7. Nc3 Na6 8. Bg5 h6 9. Bxf6 Bxf6 10. Qd2 Kh7 11. e4 e5 12. d5 c5 13. a3 Bg7 14. Ne1 g5 15. Nd3 f5 16. exf5 Bxf5 17. Be4 Qd7 18. Rae1 Nc7 1/2-1/2

[Event "Mecklenburg VP LL2 Ost 1617"]
[Site "Mecklenburg VP"]
[Date "2016.12.04"]
[Round "4.1"]
[White "Hoerhold, Martin"]
[Black "Burwitz, Joerg"]
[Result "1/2-1/2"]
[WhiteElo "1718"]
[BlackElo "1753"]
[PlyCount "82"]
[EventDate "2016.10.16"]
[EventType "team-tourn"]
[EventRounds "9"]
[EventCountry "GER"]
[SourceTitle "EXT 2022"]
[Source "ChessBase"]
[SourceDate "2021.10.06"]
[SourceVersion "1"]
[SourceVersionDate "2021.10.06"]
[SourceQuality "1"]
[WhiteTeam "Neubrandenburg SG Eintracht II"]
[BlackTeam "Bergen Rugia"]
[WhiteTeamCountry "GER"]
[BlackTeamCountry "GER"]

1. e4 c6 2. d4 d5 3. e5 Bf5 4. Nf3 e6 5. Be2 c5 6. 0-0 Nc6 7. c3 Qb6 8. Qa4 Qa5 9. Qxa5 Nxa5 10. dxc5 Nc6 11. b4 Bg4 12. Re1 Bxf3 13. Bxf3 Nge7 14. Bd1 Ng6 15. f4 a5 16. Ba4 axb4 17. Bxc6+ bxc6 18. cxb4 Kd7 19. Nc3 Be7 20. Ne2 Rhb8 21. Bd2 Ra3 22. Nc1 Nh4 23. Nb3 f6 24. Bc1 Ra4 25. a3 fxe5 26. fxe5 Ng6 27. Bb2 Raa8 28. Rf1 Rf8 29. g3 Bg5 30. Kg2 Ne7 31. h4 Bh6 32. g4 Bf4 33. Rae1 h6 34. Nd4 Ng6 35. Nf3 Rf7 36. Ra1 Rb8 37. Bc3 Be3 38. h5 Nf4+ 39. Kh2 Rbf8 40. Nh4 Ne2 41. Rxf7+ Rxf7 1/2-1/2

[Event "Mecklenburg VP LL2 Ost 1617"]
[Site "Mecklenburg VP"]
[Date "2016.11.20"]
[Round "3.1"]
[White "Burwitz, Joerg"]
[Black "Reinke, Thomas"]
[Result "1/2-1/2"]
[WhiteElo "1753"]
[BlackElo "1876"]
[PlyCount "27"]
[EventDate "2016.10.16"]
[EventType "team-tourn"]
[EventRounds "9"]
[EventCountry "GER"]
[SourceTitle "EXT 2022"]
[Source "ChessBase"]
[SourceDate "2021.10.06"]
[SourceVersion "1"]
[SourceVersionDate "2021.10.06"]
[SourceQuality "1"]
[WhiteTeam "Bergen Rugia"]
[BlackTeam "Wolgast Motor"]
[WhiteTeamCountry "GER"]
[BlackTeamCountry "GER"]

1. d4 f5 2. e4 fxe4 3. Nc3 Nf6 4. Bg5 e6 5. Nxe4 Be7 6. Bxf6 Bxf6 7. Nf3 b6 8. Bd3 Ba6 9. c3 Bxd3 10. Qxd3 0-0 11. 0-0-0 Qe7 12. Rhe1 d6 13. Re2 Nd7 14. Qc4 1/2-1/2

[Event "Mecklenburg VP LL2 Ost 1516"]
[Site "Mecklenburg VP"]
[Date "2016.02.21"]
[Round "6.1"]
[White "Reinke, Thomas"]
[Black "Burwitz, Joerg"]
[Result "1/2-1/2"]
[WhiteElo "1886"]
[BlackElo "1743"]
[PlyCount "64"]
[EventDate "2015.09.20"]
[EventType "team-tourn"]
[EventRounds "9"]
[EventCountry "GER"]
[SourceTitle "EXT 2022"]
[Source "ChessBase"]
[SourceDate "2021.10.06"]
[SourceVersion "1"]
[SourceVersionDate "2021.10.06"]
[SourceQuality "1"]
[WhiteTeam "Wolgast Motor"]
[BlackTeam "Bergen Rugia"]
[WhiteTeamCountry "GER"]
[BlackTeamCountry "GER"]

1. e4 c6 2. d4 d5 3. Nc3 dxe4 4. Nxe4 Nf6 5. Nxf6+ exf6 6. Nf3 Bd6 7. Bc4 0-0 8. 0-0 Bg4 9. c3 Qc7 10. h3 Bxf3 11. Qxf3 Nd7 12. Bd2 Rad8 13. Rae1 Rfe8 14. b4 a6 15. Re3 Nf8 16. Rfe1 Qd7 17. Rxe8 Rxe8 18. Rxe8 Qxe8 19. g3 Qd7 20. Kg2 Ng6 21. Be3 h6 22. h4 Ne7 23. g4 Bc7 24. Bf4 Bxf4 25. Qxf4 Nd5 26. Qf3 Qd6 27. Qe4 Qe6 28. Bxd5 Qxd5 29. Qxd5 cxd5 30. a4 Kf8 31. f3 g5 32. h5 b5 1/2-1/2

[Event "Mecklenburg VP LL2 Ost 1516"]
[Site "Mecklenburg VP"]
[Date "2015.09.20"]
[Round "1.1"]
[White "Jeske, Holger"]
[Black "Burwitz, Joerg"]
[Result "1-0"]
[WhiteElo "1870"]
[BlackElo "1743"]
[PlyCount "61"]
[EventDate "2015.09.20"]
[EventType "team-tourn"]
[EventRounds "9"]
[EventCountry "GER"]
[SourceTitle "EXT 2022"]
[Source "ChessBase"]
[SourceDate "2021.10.06"]
[SourceVersion "1"]
[SourceVersionDate "2021.10.06"]
[SourceQuality "1"]
[WhiteTeam "Rostock SSC 07 III"]
[BlackTeam "Bergen Rugia"]
[WhiteTeamCountry "GER"]
[BlackTeamCountry "GER"]

1. e4 c6 2. f4 d5 3. e5 g6 4. Nf3 Bg4 5. Be2 e6 6. 0-0 Bg7 7. d4 Ne7 8. Be3 0-0 9. Nbd2 Nd7 10. b3 Rc8 11. b4 a5 12. a3 axb4 13. axb4 Qb6 14. h3 Bxf3 15. Nxf3 Bh6 16. Qd2 Ra8 17. g4 Rxa1 18. Rxa1 f6 19. c3 Qc7 20. Kg2 fxe5 21. fxe5 Bxe3 22. Qxe3 Nb6 23. Qh6 Nec8 24. Ng5 Qe7 25. h4 Nc4 26. h5 Ne3+ 27. Kg1 gxh5 28. Bd3 Nxg4 29. Bxh7+ Kh8 30. Qxh5 Nf2 31. Bf5+ 1-0

[Event "Mecklenburg VP LL2 Ost 1415"]
[Site "Mecklenburg VP"]
[Date "2015.01.18"]
[Round "5.4"]
[White "Burwitz, Joerg"]
[Black "Wittig, Harry"]
[Result "1/2-1/2"]
[WhiteElo "1676"]
[BlackElo "1867"]
[PlyCount "27"]
[EventDate "2014.09.21"]
[EventType "team-tourn"]
[EventRounds "9"]
[EventCountry "GER"]
[SourceTitle "EXT 2022"]
[Source "ChessBase"]
[SourceDate "2021.10.06"]
[SourceVersion "1"]
[SourceVersionDate "2021.10.06"]
[SourceQuality "1"]
[WhiteTeam "Bergen Rugia"]
[BlackTeam "Waren ESV"]
[WhiteTeamCountry "GER"]
[BlackTeamCountry "GER"]

1. d4 d5 2. Nf3 Nf6 3. g3 e6 4. Bg2 Be7 5. 0-0 0-0 6. c4 c5 7. cxd5 exd5 8. dxc5 Bxc5 9. Bg5 Be7 10. Nc3 Nc6 11. Qb3 Na5 12. Qc2 Be6 13. Rfd1 Qc8 14. Rac1 1/2-1/2

[Event "Mecklenburg VP LL2 Ost 1415"]
[Site "Mecklenburg VP"]
[Date "2014.11.09"]
[Round "2.4"]
[White "Burwitz, Joerg"]
[Black "Poppe, Thomas"]
[Result "1-0"]
[WhiteElo "1676"]
[BlackElo "1722"]
[PlyCount "73"]
[EventDate "2014.09.21"]
[EventType "team-tourn"]
[EventRounds "9"]
[EventCountry "GER"]
[SourceTitle "EXT 2022"]
[Source "ChessBase"]
[SourceDate "2021.10.06"]
[SourceVersion "1"]
[SourceVersionDate "2021.10.06"]
[SourceQuality "1"]
[WhiteTeam "Bergen Rugia"]
[BlackTeam "Graal Mueritz"]
[WhiteTeamCountry "GER"]
[BlackTeamCountry "GER"]

1. d4 d5 2. Nf3 e6 3. g3 Nf6 4. Bg2 c5 5. c3 cxd4 6. cxd4 Be7 7. 0-0 0-0 8. Nc3 Nbd7 9. Bg5 a6 10. Rc1 b5 11. e3 Bb7 12. Qe2 Rc8 13. Rc2 h6 14. Bxf6 Nxf6 15. Ne5 Qa5 16. a3 Rc7 17. Rfc1 Rfc8 18. Nd3 b4 19. axb4 Bxb4 20. Nxb4 Qxb4 21. Bf1 Qb3 22. f3 Nd7 23. Ra1 e5 24. Bh3 e4 25. fxe4 dxe4 26. Rd2 g6 27. Rf1 Rf8 28. Bxd7 Rxd7 29. Qg4 Re7 30. Qh4 Re6 31. Qxh6 Qb6 32. Rf4 f5 33. Rh4 Kf7 34. Qg5 Rg8 35. Rf2 Bc8 36. Nxe4 Qxb2 37. Rxb2 1-0

[Event "Mecklenburg VP LL2 Ost 1415"]
[Site "Mecklenburg VP"]
[Date "2014.09.21"]
[Round "1.4"]
[White "Burwitz, Joerg"]
[Black "Schubert, Volker"]
[Result "1/2-1/2"]
[WhiteElo "1676"]
[BlackElo "2059"]
[PlyCount "71"]
[EventDate "2014.09.21"]
[EventType "team-tourn"]
[EventRounds "9"]
[EventCountry "GER"]
[SourceTitle "EXT 2022"]
[Source "ChessBase"]
[SourceDate "2021.10.06"]
[SourceVersion "1"]
[SourceVersionDate "2021.10.06"]
[SourceQuality "1"]
[WhiteTeam "Bergen Rugia"]
[BlackTeam "Wolgast Motor"]
[WhiteTeamCountry "GER"]
[BlackTeamCountry "GER"]

1. d4 d5 2. Nf3 Nf6 3. g3 c6 4. Bg2 Bf5 5. c4 e6 6. Nc3 Bd6 7. Qb3 b6 8. 0-0 0-0 9. Bg5 Nbd7 10. Rac1 h6 11. Bxf6 Nxf6 12. cxd5 cxd5 13. Nb5 Ne4 14. Rfd1 a6 15. Nc3 b5 16. Nxe4 Bxe4 17. Ne1 Bxg2 18. Kxg2 Rc8 19. Rxc8 Qxc8 20. Nd3 Qc4 21. e3 Qxb3 22. axb3 Rc8 23. Ra1 Rc6 24. b4 f6 25. Nc5 Bxc5 26. bxc5 Kf7 27. b4 e5 28. f3 g5 29. g4 Ke6 30. h3 f5 31. gxf5+ Kxf5 32. Kf2 e4 33. Ke2 h5 34. Rg1 Rg6 35. fxe4+ Kxe4 36. Rf1 1/2-1/2

[Event "Mecklenburg VP LL2 Ost 1314"]
[Site "Mecklenburg VP"]
[Date "2014.04.06"]
[Round "8.5"]
[White "Pochop, Bert"]
[Black "Burwitz, Joerg"]
[Result "1/2-1/2"]
[WhiteElo "1797"]
[BlackElo "1673"]
[PlyCount "26"]
[EventDate "2013.10.27"]
[EventType "team-tourn"]
[EventRounds "9"]
[EventCountry "GER"]
[SourceTitle "EXT 2022"]
[Source "ChessBase"]
[SourceDate "2021.10.06"]
[SourceVersion "1"]
[SourceVersionDate "2021.10.06"]
[SourceQuality "1"]
[WhiteTeam "Wolgast Motor"]
[BlackTeam "Bergen Rugia"]
[WhiteTeamCountry "GER"]
[BlackTeamCountry "GER"]

1. d4 d5 2. c4 c6 3. e3 Nf6 4. Bd3 dxc4 5. Bxc4 Bf5 6. Ne2 e6 7. 0-0 Bd6 8. Nd2 0-0 9. Ng3 Qc7 10. f4 c5 11. Nxf5 exf5 12. Nf3 cxd4 13. Qxd4 Nc6 1/2-1/2

[Event "Mecklenburg VP LL2 Ost 1314"]
[Site "Mecklenburg VP"]
[Date "2014.01.19"]
[Round "5.5"]
[White "Burwitz, Joerg"]
[Black "Nickel, Reimo"]
[Result "1/2-1/2"]
[WhiteElo "1673"]
[BlackElo "1767"]
[PlyCount "31"]
[EventDate "2013.10.27"]
[EventType "team-tourn"]
[EventRounds "9"]
[EventCountry "GER"]
[SourceTitle "EXT 2022"]
[Source "ChessBase"]
[SourceDate "2021.10.06"]
[SourceVersion "1"]
[SourceVersionDate "2021.10.06"]
[SourceQuality "1"]
[WhiteTeam "Bergen Rugia"]
[BlackTeam "Waterkant Saal SV"]
[WhiteTeamCountry "GER"]
[BlackTeamCountry "GER"]

1. d4 d5 2. Nf3 Nf6 3. c4 c6 4. Nc3 h6 5. cxd5 Nxd5 6. Nxd5 Qxd5 7. e3 Bg4 8. Be2 e6 9. Bd2 Be7 10. a3 Nd7 11. Rc1 Nf6 12. h3 Bh5 13. 0-0 0-0 14. Ne5 Bxe2 15. Qxe2 Qb3 16. Bc3 1/2-1/2

[Event "Mecklenburg VP LL2 Ost 1213"]
[Site "Mecklenburg VP"]
[Date "2012.10.14"]
[Round "1.5"]
[White "Burwitz, Joerg"]
[Black "Kuehn, Peter1111"]
[Result "1/2-1/2"]
[WhiteElo "1677"]
[BlackElo "1758"]
[PlyCount "52"]
[EventDate "2012.10.14"]
[EventType "team-tourn"]
[EventRounds "9"]
[EventCountry "GER"]
[SourceTitle "EXT 2022"]
[Source "ChessBase"]
[SourceDate "2021.10.06"]
[SourceVersion "1"]
[SourceVersionDate "2021.10.06"]
[SourceQuality "1"]
[WhiteTeam "Bergen Rugia"]
[BlackTeam "Malchow Schachinsel"]
[WhiteTeamCountry "GER"]
[BlackTeamCountry "GER"]

1. d4 d6 2. Nf3 Nf6 3. c4 g6 4. Nc3 Bg7 5. e4 0-0 6. Be2 e5 7. dxe5 dxe5 8. Qxd8 Rxd8 9. Bg5 Re8 10. Bxf6 Bxf6 11. Nd5 Bd8 12. 0-0 c6 13. Nc3 a5 14. Rfd1 Bc7 15. a3 h6 16. h3 Be6 17. b4 Nd7 18. Nd2 Kg7 19. c5 b5 20. cxb6 Nxb6 21. Rac1 axb4 22. axb4 Rec8 23. b5 cxb5 24. Nxb5 Bd8 25. Nf3 Bf6 26. Ne1 Be7 1/2-1/2

[Event "Mecklenburg VP LL2 Ost 1112"]
[Site "Mecklenburg VP"]
[Date "2012.03.04"]
[Round "7"]
[White "Burwitz, Joerg"]
[Black "Richter, Frank"]
[Result "1/2-1/2"]
[WhiteElo "1658"]
[BlackElo "1687"]
[PlyCount "38"]
[EventDate "2011.10.02"]
[EventType "team-tourn"]
[EventRounds "9"]
[EventCountry "GER"]
[SourceTitle "EXT 2022"]
[Source "ChessBase"]
[SourceDate "2021.10.06"]
[SourceVersion "1"]
[SourceVersionDate "2021.10.06"]
[SourceQuality "1"]
[WhiteTeam "Bergen Rugia"]
[BlackTeam "Waterkant Saal SV"]
[WhiteTeamCountry "GER"]
[BlackTeamCountry "GER"]

1. d4 Nf6 2. Nf3 e6 3. c4 c5 4. Nc3 a6 5. d5 exd5 6. Nxd5 Nc6 7. e3 d6 8. Be2 Bf5 9. a3 Be4 10. Nc3 Bg6 11. Bd2 Be7 12. 0-0 0-0 13. Nh4 Nd7 14. Nxg6 hxg6 15. Nd5 Rb8 16. Rc1 Nf6 17. Bc3 Ne4 18. Bf3 Nxc3 19. Nxc3 Ne5 1/2-1/2

[Event "Mecklenburg VP LL1 0607"]
[Site "Mecklenburg VP"]
[Date "2007.01.28"]
[Round "5.4"]
[White "Ryll, Detlef"]
[Black "Burwitz, Joerg"]
[Result "1/2-1/2"]
[WhiteElo "1804"]
[BlackElo "1644"]
[PlyCount "22"]
[EventDate "2006.10.15"]
[EventType "team"]
[EventRounds "9"]
[EventCountry "GER"]
[SourceTitle "EXT 2008"]
[Source "ChessBase"]
[SourceDate "2007.11.25"]
[SourceVersion "1"]
[SourceVersionDate "2007.11.25"]
[SourceQuality "1"]
[WhiteTeam "Rostock PSV III"]
[BlackTeam "Bergen Rugia"]
[WhiteTeamCountry "GER"]
[BlackTeamCountry "GER"]

1. e4 c6 2. d4 d5 3. exd5 cxd5 4. Nf3 Nf6 5. Bd3 Nc6 6. c3 Bg4 7. h3 Bxf3 8. Qxf3 e6 9. 0-0 Be7 10. Re1 0-0 11. Nd2 Rc8 1/2-1/2

[Event "Mecklenburg VP LL1 0607"]
[Site "Mecklenburg VP"]
[Date "2006.12.10"]
[Round "4.5"]
[White "Nickel, Udo"]
[Black "Burwitz, Joerg"]
[Result "1/2-1/2"]
[WhiteElo "1685"]
[BlackElo "1644"]
[PlyCount "26"]
[EventDate "2006.10.15"]
[EventType "team"]
[EventRounds "9"]
[EventCountry "GER"]
[SourceTitle "EXT 2008"]
[Source "ChessBase"]
[SourceDate "2007.11.25"]
[SourceVersion "1"]
[SourceVersionDate "2007.11.25"]
[SourceQuality "1"]
[WhiteTeam "Saal Waterkant"]
[BlackTeam "Bergen Rugia"]
[WhiteTeamCountry "GER"]
[BlackTeamCountry "GER"]

1. d4 d5 2. c4 e6 3. Nc3 Nf6 4. Bg5 Nbd7 5. e3 Be7 6. Nf3 0-0 7. cxd5 exd5 8. Bd3 c6 9. Qc2 Re8 10. 0-0 Nf8 11. Ne5 N6d7 12. Bxe7 Qxe7 13. Nf3 Nf6 1/2-1/2

[Event "Mecklenburg VP LL1 0607"]
[Site "Mecklenburg VP"]
[Date "2006.10.29"]
[Round "2.5"]
[White "Reimer, Karl"]
[Black "Burwitz, Joerg"]
[Result "1/2-1/2"]
[WhiteElo "1668"]
[BlackElo "1644"]
[PlyCount "20"]
[EventDate "2006.10.15"]
[EventType "team"]
[EventRounds "9"]
[EventCountry "GER"]
[SourceTitle "EXT 2008"]
[Source "ChessBase"]
[SourceDate "2007.11.25"]
[SourceVersion "1"]
[SourceVersionDate "2007.11.25"]
[SourceQuality "1"]
[WhiteTeam "Wolgast Motor"]
[BlackTeam "Bergen Rugia"]
[WhiteTeamCountry "GER"]
[BlackTeamCountry "GER"]

1. c4 e6 2. Nc3 d5 3. cxd5 exd5 4. d4 Nf6 5. Bg5 c6 6. Nf3 Bf5 7. e3 Nbd7 8. Bd3 Bxd3 9. Qxd3 Bd6 10. 0-0 0-0 1/2-1/2